[Event "It (open)"]
[Site "masterchessopen.com - Liberec (Czech Republic)"]
[Round "5"]
[White "Peniska Pavel (CZE)"]
[Black "Kucera Petr 88 (CZE)"]
[Result "0-1"]
[WhiteElo "1959"]
[BlackElo "2209"]

1.d4 Nf6 2.c4 c5 3.d5 b5 4.cxb5 a6 5.bxa6 Bxa6 6.Nc3 d6 7.g3 g6 8.Bg2 Bg7
9.Nf3 Nbd7 10.O-O O-O 11.Re1 Qc7 12.e4 Ng4 13.Bf1 c4 14.h3 Nge5 15.Nxe5 Nxe5
16.Be3 Rfb8 17.f4 Nd3 18.Bxd3 cxd3 19.e5 dxe5 20.Rc1 Qd7 21.b3 Qxh3 22.Bf2
exf4 23.gxf4 Rc8 24.Ne4 Rxc1 25.Qxc1 Qg4+ 26.Ng3 Bd4 27.Kg2 Bxf2 28.Kxf2 Rc8
{#R} 0-1

[Event "Memorial E.Geller (open)"]
[Site "masterchessopen.com - Odessa (Ukraine)"]
[Date "2010.08.21"]
[Round "1"]
[White "Zakharchenko Arnold (UKR)"]
[Black "Grigoryev Jury (UKR)"]
[Result "1-0"]
[WhiteElo "2192"]
[BlackElo "1861"]

1.d4 Nf6 2.c4 c5 3.d5 b5 4.cxb5 a6 5.bxa6 Bxa6 6.Nc3 g6 7.g3 d6 8.Bg2 Bg7
9.Nf3 O-O 10.O-O Nbd7 11.Rb1 Qa5 12.Bd2 Rfb8 13.Qc2 Ng4 14.a4 Nge5 15.b3 Nxf3+
16.Bxf3 Ne5 17.Bg2 c4 18.b4 Rxb4 19.Na2 Qxa4 20.Nxb4 Qxc2 21.Nxc2 c3 22.Bxc3
Bxe2 23.Bxe5 Bxe5 24.Rfc1 Bd3 25.Rb3 Bc4 26.Rb4 {#r} 1-0

[Event "Cup Hope (open)"]
[Site "masterchessopen.com - Nizhnij Novgorod (Russia)"]
[Date "2010.08.23"]
[Round "2"]
[White "Goltsev Sergey (RUS)"]
[Black "Gorozhanin Mikhail (RUS)"]
[Result "0-1"]
[WhiteElo "1838"]
[BlackElo "2125"]

1.d4 Nf6 2.c4 c5 3.d5 b5 4.cxb5 a6 5.bxa6 Bxa6 6.Nc3 d6 7.Nf3 g6 8.g3 Bg7
9.Bg2 O-O 10.O-O Nbd7 11.Re1 Qc7 12.Qc2 Rfb8 13.Bh3 Bc4 14.e4 Qb7 15.Nd2 Ba6
16.Nb3 Ne5 17.Bg2 Bc4 18.Nd2 Bd3 19.Qd1 c4 20.f4 Qb6+ 21.Kh1 Neg4 22.Nxc4 Nf2+
23.Kg1 Nh3+ {#R} 0-1

[Event "Ch Europe (juniors) (under 16) (g)"]
[Site "masterchessopen.com - Batumi (Georgia)"]
[Date "2010.09.22"]
[Round "3"]
[White "Kukic Lora (CRO)"]
[Black "Barbageorgopoulou Fani (GRE)"]
[Result "0-1"]
[WhiteElo "1740"]
[BlackElo "1887"]

1.d4 Nf6 2.c4 c5 3.d5 b5 4.cxb5 a6 5.bxa6 d6 6.Nc3 Bxa6 7.g3 g6 8.Bg2 Bg7
9.Nf3 Nbd7 10.Rb1 Nb6 11.O-O Bc4 12.Nd2 Bxa2 13.Nxa2 Rxa2 14.Qb3 Ra7 15.Nc4
Nfd7 16.Bg5 Nxc4 17.Qxc4 O-O 18.b4 h6 19.Be3 Rc7 20.b5 Nb6 21.Qe4 h5 {#R} 0-1

[Event "Ch China (team)"]
[Site "masterchessopen.com - Guanzhou (China)"]
[Date "2010.10.14"]
[Round "14"]
[White "Ju Wenjun (CHN)"]
[Black "Zhang Jilin (CHN)"]
[Result "1-0"]
[WhiteElo "2516"]
[BlackElo "2279"]

1.d4 Nf6 2.c4 c5 3.d5 b5 4.cxb5 a6 5.bxa6 Bxa6 6.Nc3 d6 7.Nf3 g6 8.g3 Bg7
9.Bg2 O-O 10.O-O Nbd7 11.Rb1 Qa5 12.Qc2 Nb6 13.Rd1 Bc4 14.Nd2 Nfd7 15.Nxc4
Nxc4 16.Qe4 Ndb6 17.Qxe7 Rfe8 18.Qh4 Na3 19.bxa3 Bxc3 20.Bf1 Bg7 21.Bd2 Qa7
22.e4 Rab8 23.Bb5 Re5 24.a4 f5 25.exf5 Rxf5 26.Bf4 Bf6 27.Qg4 Rd8 28.Bd3 {#r}
1-0

[Event "It (open)"]
[Site "masterchessopen.com - Winterthur (Switzerland)"]
[Date "2010.10.15"]
[Round "8"]
[White "Bellaiche Anthony (FRA)"]
[Black "Milanovic Danilo (SRB)"]
[Result "1-0"]
[WhiteElo "2445"]
[BlackElo "2499"]

1.d4 Nf6 2.c4 c5 3.d5 b5 4.cxb5 a6 5.bxa6 g6 6.Nc3 Bxa6 7.Nf3 d6 8.g3 Bg7
9.Bg2 Nbd7 10.Rb1 Qa5 11.O-O O-O 12.Qc2 Bc4 13.Nd2 Nb6 14.Rd1 Nfd7 15.Nde4
Bxa2 16.Ra1 Bxc3 17.Nxc3 Bb3 18.Qxb3 Qxa1 19.Bg5 Qa6 20.Bxe7 Rfb8 21.Bxd6 Rb7
22.Qc2 Nc4 23.Be7 Rxb2 24.Qc1 Qa3 25.d6 Rab8 26.Bh3 R2b3 27.Bxd7 Qxc1 28.Rxc1
{#r} 1-0

[Event "It \"]
[Site "masterchessopen.com - Cammeray (Australia)"]
[Date "2011.01.12"]
[Round "10"]
[White "Dunn Michael Gi (AUS)"]
[Black "Kevork Chris"]
[Result "1-0"]
[WhiteElo "1907"]
[BlackElo "1793"]

1.d4 Nf6 2.c4 c5 3.d5 b5 4.cxb5 a6 5.bxa6 g6 6.Nc3 Bxa6 7.g3 d6 8.Nf3 Bg7
9.Bg2 Nbd7 10.Rb1 Qa5 11.Bd2 O-O 12.O-O Qc7 13.b3 Rfb8 14.Qc2 Nb6 15.Nh4 Qb7
16.Rfd1 Nbxd5 17.Nxd5 Nxd5 18.Bf4 e6 19.Bxd6 Re8 20.Bf4 Qe7 21.Bxd5 exd5
22.Rxd5 Bb7 23.Rbd1 Bxd5 24.Rxd5 c4 25.bxc4 Ra3 26.Bd6 {#r} 1-0

[Event "It (open)"]
[Site "masterchessopen.com - Karpacz (Poland)"]
[Date "2011.02.26"]
[Round "8"]
[White "Kolosowski Mateusz (POL)"]
[Black "Goluch Piotr (POL)"]
[Result "1-0"]
[WhiteElo "2413"]
[BlackElo "2155"]

1.d4 Nf6 2.c4 c5 3.d5 b5 4.cxb5 a6 5.bxa6 g6 6.Nc3 Bxa6 7.g3 d6 8.Bg2 Bg7
9.Nf3 Nbd7 10.Rb1 Nb6 11.b3 Bb7 12.Nh4 Nfd7 13.Bb2 f5 14.O-O Nf6 15.e4 Qc8
16.Re1 O-O 17.exf5 g5 18.Nf3 Qxf5 19.Rxe7 Bxd5 20.Nxd5 Nbxd5 21.Nh4 gxh4
22.Qxd5+ Qxd5 23.Bxd5+ Kh8 24.Bxa8 Rxa8 25.Rbe1 hxg3 26.hxg3 {#r} 1-0

[Event "Czech League 2010/11 (1st) East"]
[Site "masterchessopen.com - Czech Republic"]
[Date "2011.02.27"]
[Round "9"]
[White "Bures Jaroslav (CZE)"]
[Black "Hudecek Jan (CZE)"]
[Result "1-0"]
[WhiteElo "2415"]
[BlackElo "2238"]

1.d4 Nf6 2.c4 c5 3.d5 b5 4.cxb5 a6 5.bxa6 g6 6.Nc3 Bxa6 7.g3 d6 8.Bg2 Bg7
9.Nf3 Nbd7 10.Rb1 O-O 11.O-O Qa5 12.Bd2 Rfb8 13.h3 Qc7 14.Ne1 Nb6 15.b3 Bb7
16.Bc1 e6 17.dxe6 fxe6 18.Nb5 Qd7 19.Bxb7 Rxb7 20.a4 Nbd5 21.Bb2 Ne8 22.e4 Nb4
23.Bxg7 Kxg7 24.Nd3 Nc7 25.Nxc5 {#r} 1-0

[Event "It (open)"]
[Site "masterchessopen.com - Blagny (France)"]
[Round "5"]
[White "Rey Jean"]
[Black "Hanot Wilfried (FRA)"]
[Result "0-1"]
[WhiteElo "1490"]
[BlackElo "1859"]

1.d4 Nf6 2.c4 c5 3.d5 b5 4.cxb5 a6 5.bxa6 Bxa6 6.Nc3 d6 7.Nf3 g6 8.g3 Bg7
9.Bg2 O-O 10.O-O Nbd7 11.Re1 Qc7 12.Rb1 Rfb8 13.Qc2 Ra7 14.e4 Ng4 15.h3 Nge5
16.b3 Bd3 17.Qb2 Bxb1 18.Qxb1 Nxf3+ 19.Bxf3 Bxc3 {#R} 0-1

[Event "It (open)"]
[Site "masterchessopen.com - Villa de Agueimes (Spain)"]
[Date "2011.04.25"]
[Round "2"]
[White "Siebrecht Sebastian (GER)"]
[Black "Gil Arthur (GER)"]
[Result "1-0"]
[WhiteElo "2471"]
[BlackElo "2040"]

1.d4 Nf6 2.c4 c5 3.d5 b5 4.Nf3 d6 5.cxb5 a6 6.bxa6 Bxa6 7.Nc3 g6 8.g3 Bg7
9.Bg2 O-O 10.O-O Nbd7 11.Qc2 Ng4 12.Rd1 Ra7 13.Bd2 Qb6 14.Rab1 Rfa8 15.Be1
Nde5 16.Nd2 h5 17.h3 Nh6 18.f4 Nf5 19.fxe5 Ne3 20.Qe4 Nxd1 21.Nxd1 Bxe5 22.Nf3
Bc8 23.Nxe5 Bf5 24.Qf3 Bxb1 25.Qxf7+ Kh8 26.Nxg6+ Bxg6 27.Bc3+ e5 28.dxe6# 1-0

[Event "Ch Giessen"]
[Site "masterchessopen.com - Giessen (Germany)"]
[Date "2011.04.26"]
[Round "6"]
[White "Will Patrick (GER)"]
[Black "Wenner Frank (GER)"]
[Result "1-0"]
[WhiteElo "2068"]
[BlackElo "2095"]

1.d4 Nf6 2.c4 c5 3.d5 b5 4.cxb5 a6 5.bxa6 Bxa6 6.Nc3 d6 7.g3 g6 8.Bg2 Bg7
9.Nf3 O-O 10.Rb1 Nbd7 11.O-O Ng4 12.Qc2 Qa5 13.Bd2 Rfb8 14.b3 c4 15.h3 cxb3
16.axb3 Rc8 17.b4 Qc7 18.hxg4 Bxe2 19.Rfc1 Ra3 20.Rb3 Qa7 21.Qb2 Rxc3 22.Rcxc3
Ra1+ 23.Kh2 Bxf3 24.Be3 Qa6 25.Bxf3 Ra2 26.Qc1 Ne5 27.Rc8+ Bf8 28.Bd4 {#r} 1-0

[Event "Ch Valencia (juniors) (under 18)"]
[Site "masterchessopen.com - Valencia (Spain)"]
[Date "2011.04.29"]
[Round "5"]
[White "Vieito Ribelles Ariadna (ESP)"]
[Black "Sos Andreu Erik (ESP)"]
[Result "0-1"]
[WhiteElo "1741"]
[BlackElo "2070"]

1.d4 Nf6 2.c4 c5 3.d5 b5 4.cxb5 a6 5.bxa6 d6 6.Nc3 Bxa6 7.g3 g6 8.Bg2 Bg7
9.Nf3 O-O 10.O-O Nbd7 11.Re1 Qb6 12.e4 Ng4 13.Qc2 Rfb8 14.h3 Nge5 15.Nxe5 Nxe5
16.Kh2 Nd3 17.Re3 Nxc1 18.Qxc1 Qxb2 19.Qxb2 Rxb2 20.Kg1 Rc2 {#R} 0-1

[Event "Tournament (open) \"]
[Site "masterchessopen.com - Barcelona (Spain)"]
[Date "2011.05.17"]
[Round "4"]
[White "Cabello Cabello Jaime (ESP)"]
[Black "Godesard Forgas Carles (ESP)"]
[Result "0-1"]
[WhiteElo "1856"]
[BlackElo "2059"]

1.d4 Nf6 2.c4 c5 3.d5 b5 4.cxb5 a6 5.bxa6 Bxa6 6.Nc3 g6 7.Nf3 d6 8.g3 Bg7
9.Bg2 O-O 10.Rb1 Nbd7 11.O-O Qa5 12.Bd2 Rfb8 13.Qc2 Ng4 14.a4 Nge5 15.Nxe5
Nxe5 16.b3 c4 17.Nb5 cxb3 18.Bxa5 bxc2 19.Ra1 Bxb5 20.axb5 Rxb5 21.Bc3 Rxa1
{#R} 0-1

[Event "It (open)"]
[Site "masterchessopen.com - Tres Cantos (Spain)"]
[Date "2011.06.22"]
[Round "1"]
[White "Martin Garcia-Serrano Alvaro (ESP)"]
[Black "Renteria Jorge (COL)"]
[Result "0-1"]
[WhiteElo "1675"]
[BlackElo "2319"]

1.d4 Nf6 2.c4 c5 3.d5 b5 4.cxb5 a6 5.bxa6 g6 6.Nc3 Bxa6 7.Nf3 d6 8.g3 Bg7
9.Bg2 O-O 10.O-O Nbd7 11.Re1 Qa5 12.e4 Ng4 13.Bd2 Rfb8 14.Qc2 Nge5 15.Ne2 Qb5
16.Bc3 Nd3 17.Red1 Nxb2 18.Rab1 Qxe2 19.Rd2 Qc4 20.Bxb2 Qxc2 21.Rxc2 Bd3
22.Rd2 Bxb1 23.Bxg7 Kxg7 24.Bh3 Bxe4 {#R} 0-1

[Event "Ch Commonwealth (open)"]
[Site "masterchessopen.com - Ekurhuleni (South Africa)"]
[Date "2011.06.24"]
[Round "10"]
[White "Gaealafshwe Barileng (BOT)"]
[Black "Chandna Shubham (BOT)"]
[Result "1-0"]
[WhiteElo "2117"]
[BlackElo "1844"]

1.d4 Nf6 2.c4 c5 3.d5 b5 4.cxb5 a6 5.bxa6 g6 6.Nf3 Bxa6 7.Nc3 d6 8.g3 Bg7
9.Bg2 O-O 10.O-O Nbd7 11.Rb1 Qa5 12.Qc2 Rfb8 13.Rd1 Ng4 14.Bd2 Nde5 15.Nxe5
Nxe5 16.b3 Qa3 17.Qc1 Qa5 18.Qc2 Qa3 19.Bc1 Qa5 20.Bg5 Rb7 21.Bd2 Qa3 22.Qc1
Qa5 23.Na4 Qc7 24.Re1 Nd7 25.Qc2 Bb5 26.Nc3 Ba6 27.Bf1 Rab8 28.a4 {#r} 1-0

[Event "Ch Colombia (1/2 final)"]
[Site "masterchessopen.com - Santa Rosa de Cabal (Colombia)"]
[Date "2011.06.24"]
[Round "6"]
[White "Ramirez Carlos (COL)"]
[Black "Contreras Henry (COL)"]
[Result "1-0"]
[WhiteElo "2320"]
[BlackElo "2238"]

1.d4 Nf6 2.Nf3 g6 3.c4 c5 4.d5 b5 5.cxb5 a6 6.bxa6 Bxa6 7.Nc3 d6 8.g3 Bg7
9.Bg2 Nbd7 10.O-O O-O 11.h3 Qb6 12.Qc2 Rfb8 13.Rb1 Bc4 14.Nd2 Ba6 15.b3 Ne8
16.Bb2 Nc7 17.Rfe1 Qa5 18.a4 c4 19.Ba1 Ne5 20.Rec1 cxb3 21.Nxb3 Qb6 22.Na2 Rc8
23.Qd1 Bb7 24.Nc5 {#r} 1-0

[Event "It (open) (b)"]
[Site "masterchessopen.com - Dortmund (Germany)"]
[Date "2011.07.23"]
[Round "1"]
[White "Wichtrup Jan-Louis"]
[Black "Herrmann Christoph (GER)"]
[Result "0-1"]
[WhiteElo "1515"]
[BlackElo "1935"]

1.Nf3 Nf6 2.d4 c5 3.d5 d6 4.c4 b5 5.cxb5 a6 6.bxa6 g6 7.Nc3 Bxa6 8.g3 Bg7
9.Bg2 O-O 10.O-O Nbd7 11.Re1 Qb6 12.Qc2 Rfb8 13.e4 Ng4 14.Bh3 Nde5 15.Nd2 Nxf2
16.Kxf2 Nd3+ 17.Kg1 Nxe1 18.Qb3 Bd4+ 19.Kh1 Qa5 20.Qd1 Bxc3 21.Qxe1 Bxb2
22.Rb1 Bc3 23.Qd1 Qxa2 24.Rxb8+ Rxb8 {#R} 0-1

[Event "It (open)"]
[Site "masterchessopen.com - Arad (Romania)"]
[Date "2011.08.06"]
[Round "2"]
[White "Gordon Evgeny (ISR)"]
[Black "Jianu Vlad-Cristian (ROM)"]
[Result "0-1"]
[WhiteElo "2083"]
[BlackElo "2502"]

1.d4 Nf6 2.c4 c5 3.d5 b5 4.cxb5 a6 5.bxa6 g6 6.Nc3 Bxa6 7.g3 Bg7 8.Bg2 d6
9.Nf3 Nbd7 10.O-O O-O 11.Qc2 Nb6 12.Rd1 Ra7 13.Rb1 Bc4 14.e4 Bxa2 15.Nxa2 Rxa2
16.Nd2 Nfd7 17.Nc4 Qa8 18.Nxb6 Nxb6 19.Bf1 Rb8 20.Bb5 Nxd5 21.Bc4 Nc3 22.Bxa2
Qxa2 23.Bg5 Nxd1 24.Qxd1 Kf8 25.Ra1 Qxb2 26.Ra7 f6 {#R} 0-1

[Event "It \"]
[Site "masterchessopen.com - Wiesbaden (Germany)"]
[Date "2011.08.27"]
[Round "4"]
[White "Will Patrick (GER)"]
[Black "Gottschalk Jens (GER)"]
[Result "0-1"]
[WhiteElo "2021"]
[BlackElo "2268"]

1.d4 Nf6 2.c4 c5 3.d5 b5 4.cxb5 a6 5.bxa6 g6 6.Nc3 Bxa6 7.g3 d6 8.Bg2 Bg7
9.Nf3 O-O 10.Rb1 Nfd7 11.O-O Nb6 12.Ne1 Bc4 13.Qc2 Bxa2 14.Nxa2 Rxa2 15.Nd3
N8d7 16.f4 Qa8 17.e4 Bd4+ 18.Kh1 Qa4 19.Qxa4 Nxa4 20.e5 Rb8 21.e6 Nf6 22.f5 c4
23.Nf4 Be5 24.Rf2 Nc3 25.bxc3 Rxb1 26.Rxa2 Rxc1+ 27.Bf1 Bxf4 {#R} 0-1

[Event "Czech League 2011/12 (2nd) (c)"]
[Site "masterchessopen.com - Czech Republic"]
[Date "2012.03.04"]
[Round "9"]
[White "Benes Petr (CZE)"]
[Black "Horak Karel (CZE)"]
[Result "1-0"]
[WhiteElo "2166"]
[BlackElo "2051"]

1.d4 Nf6 2.Nf3 c5 3.d5 g6 4.c4 b5 5.cxb5 a6 6.bxa6 Bxa6 7.Nc3 d6 8.g3 Bg7
9.Bg2 Nbd7 10.O-O O-O 11.Re1 Nb6 12.a4 Nfd7 13.Qc2 Ra7 14.a5 Bxc3 15.axb6 Nxb6
16.Qxc3 {#r} 1-0

[Event "Czech League 2011/12 (2nd) (a)"]
[Site "masterchessopen.com - Czech Republic"]
[Date "2012.04.22"]
[Round "11"]
[White "Janocko Petr (CZE)"]
[Black "Cuhra Martin (CZE)"]
[Result "0-1"]
[WhiteElo "2093"]
[BlackElo "2169"]

1.d4 Nf6 2.c4 c5 3.d5 b5 4.cxb5 a6 5.bxa6 Bxa6 6.Nc3 d6 7.g3 g6 8.Bg2 Bg7
9.Nf3 O-O 10.O-O Nbd7 11.Re1 Qc7 12.e4 Rfb8 13.Qc2 Ng4 14.Bf4 Nge5 15.Nxe5
Nxe5 16.Bxe5 Bxe5 17.Bf1 Qa5 18.Bxa6 Rxa6 19.a3 Rxb2 20.Qxb2 Bxc3 21.Qb8+ Kg7
22.Reb1 Bxa1 23.Rxa1 Qc3 24.Qb1 Rxa3 25.Rxa3 Qxa3 26.h4 Qc3 27.Qb7 Qe1+ {#R}
0-1

[Event "Ch Scotland"]
[Site "masterchessopen.com - Glasgow (Scotland)"]
[Date "2012.07.09"]
[Round "3"]
[White "Nikolov Momchil (BUL)"]
[Black "Green Andrew (SCO)"]
[Result "1-0"]
[WhiteElo "2556"]
[BlackElo "2144"]

1.d4 Nf6 2.c4 c5 3.d5 b5 4.cxb5 a6 5.bxa6 g6 6.Nc3 Bxa6 7.Nf3 Bg7 8.g3 d6
9.Bg2 Nbd7 10.Rb1 O-O 11.O-O Qa5 12.Bd2 Bb7 13.Qc2 Qc7 14.e4 Ba6 15.Rfd1 Ng4
16.b3 Nge5 17.Ne1 Be2 18.Nxe2 {#r} 1-0

[Event "It (open)"]
[Site "masterchessopen.com - Arad (Romania)"]
[Date "2012.07.27"]
[Round "1"]
[White "Neagu Felix (ROM)"]
[Black "Tarlev Konstantin (UKR)"]
[Result "0-1"]
[WhiteElo "1898"]
[BlackElo "2524"]

1.d4 Nf6 2.c4 c5 3.d5 b5 4.cxb5 a6 5.bxa6 Bxa6 6.Nc3 g6 7.g3 d6 8.Bg2 Bg7
9.Nf3 Nbd7 10.O-O Nb6 11.Re1 O-O 12.e4 Nfd7 13.Qc2 Nc4 14.b3 Qa5 15.e5 Ndxe5
16.Nxe5 Bxe5 17.Rxe5 Nxe5 18.Bd2 c4 19.Re1 cxb3 20.axb3 Rfc8 21.Qe4 Rxc3 22.f4
Qc5+ 23.Kh1 Nd3 24.Be3 Nf2+ 25.Bxf2 Qxf2 {#R} 0-1

[Event "It \"]
[Site "masterchessopen.com - Vancouver (USA)"]
[Date "2012.08.05"]
[Round "2"]
[White "Brown Michael William (USA)"]
[Black "Lung James (USA)"]
[Result "1-0"]
[WhiteElo "2247"]
[BlackElo "1939"]

1.d4 Nf6 2.c4 c5 3.d5 b5 4.cxb5 a6 5.bxa6 Bxa6 6.Nc3 g6 7.g3 Bg7 8.Bg2 d6
9.Nf3 Nbd7 10.Rb1 Qa5 11.Bd2 Bb7 12.O-O O-O 13.b3 Ne8 14.Qc2 Nc7 15.a4 Qa7
16.e4 f5 17.exf5 Rxf5 18.Rfe1 Nxd5 19.Nxd5 Bxd5 20.Nh4 Bxg2 21.Nxf5 gxf5
22.Kxg2 Qb7+ 23.f3 Ne5 24.Rf1 e6 25.Bc3 Ng4 26.Qd3 Bh6 27.Rfe1 e5 28.Qxd6 {#r}
1-0

[Event "It (open)"]
[Site "masterchessopen.com - Dresden (Germany)"]
[Date "2012.08.20"]
[Round "3"]
[White "Oehl Tim (GER)"]
[Black "Rudolf Sebastian (GER)"]
[Result "0-1"]
[WhiteElo "2088"]
[BlackElo "2236"]

1.d4 Nf6 2.c4 c5 3.d5 b5 4.cxb5 a6 5.bxa6 g6 6.Nc3 Bxa6 7.g3 d6 8.Bg2 Bg7
9.Nf3 Nbd7 10.Rb1 Nb6 11.b3 Bc8 12.Nh4 h6 13.Qc2 Qd7 14.e4 Ba6 15.Ne2 Qb5
16.Bb2 Qxe2+ 17.Qxe2 Bxe2 18.Kxe2 Rxa2 19.Ke1 O-O 20.Bxf6 Bxf6 21.Nf3 Bc3+
22.Kf1 f5 23.Rc1 fxe4 24.Rxc3 Nxd5 25.Rc1 exf3 26.Bh3 Kg7 27.Be6 Nb4 28.Bc4 d5
{#R} 0-1

[Event "Ch Tatarstan"]
[Site "masterchessopen.com - Kazan (Russia)"]
[Date "2012.09.09"]
[Round "7"]
[White "Murtazin Bulat (RUS)"]
[Black "Talov Nikita (RUS)"]
[Result "1-0"]
[WhiteElo "2049"]
[BlackElo "2130"]

1.d4 Nf6 2.c4 c5 3.d5 b5 4.cxb5 a6 5.bxa6 g6 6.Nc3 Bxa6 7.Nf3 Bg7 8.g3 d6
9.Bg2 Nbd7 10.O-O Qa5 11.Bd2 Nb6 12.b3 Nfd7 13.Qc2 c4 14.Na4 Qb5 15.Bc3 cxb3
16.axb3 Rc8 17.Bxg7 Rxc2 18.Nd4 Qa5 19.Nxc2 Bxe2 20.Rfc1 Rg8 21.Nd4 Ba6
22.Nxb6 Qxb6 23.Rc6 Qb7 24.Rcxa6 f5 25.Ra7 Qb6 26.Ne6 Qxb3 27.Bd4 Qb5 28.Nc7+
{#r} 1-0

[Event "Ch Uzbekistan (juniors) (under 20)"]
[Site "masterchessopen.com - Novbahor (Uzbekistan)"]
[Date "2012.09.13"]
[Round "8"]
[White "Badalyan Shavarsh (UZB)"]
[Black "Jumanov Elbek (UZB)"]
[Result "1-0"]
[WhiteElo "2039"]
[BlackElo "1959"]

1.d4 Nf6 2.c4 c5 3.d5 b5 4.cxb5 a6 5.bxa6 g6 6.Nc3 Bxa6 7.g3 d6 8.Bg2 Bg7
9.Nf3 O-O 10.O-O Nbd7 11.Rb1 Qa5 12.Bd2 Rfb8 13.Qc2 Qd8 14.b3 Ne8 15.Rfd1 Nc7
16.a4 Rb7 17.Be1 Rab8 18.Na2 Qf8 19.e4 Nb6 20.b4 cxb4 21.Nxb4 Nc4 22.Nxa6 Na3
23.Rxb7 Nxc2 24.Rxb8 Ne8 25.Rc1 Nxe1 26.Rcc8 Nxf3+ 27.Bxf3 {#r} 1-0

[Event "Ch Vietnam (team)"]
[Site "masterchessopen.com - Ho Chi Minh City (Vietnam)"]
[Date "2012.09.24"]
[Round "5"]
[White "Tran Ngoc Thach (VIE)"]
[Black "Nguyen Huynh Trong Hai (VIE)"]
[Result "1-0"]
[WhiteElo "2195"]
[BlackElo "1866"]

1.d4 Nf6 2.c4 c5 3.d5 b5 4.cxb5 a6 5.bxa6 d6 6.Nc3 Bxa6 7.Nf3 g6 8.g3 Bg7
9.Bg2 O-O 10.O-O Nbd7 11.Qc2 Qa5 12.Rb1 Rfb8 13.b3 Ne8 14.Bb2 Nc7 15.Rfd1 Bc8
16.h3 Bxc3 17.Bxc3 Qxa2 18.Qe4 Kf8 19.Qh4 h5 20.Qg5 Ba6 21.Qh6+ Ke8 22.Ng5 Kd8
23.Nxf7+ Kc8 24.Qg5 Rxb3 25.Ra1 Qxe2 {#r} 1-0